000 00378nam a2200145 i 4500
001 bg
100 1 _aJAGODA, Jerzy
245 0 _aZastosowanie komputerów w przemyśle okrętowym /
_cJerzy Jagoda, Stefan Zieliński.
260 _aGdańsk,
_c1978.
700 1 _aZIELIŃSKI, Stefan
040 _cBPK
041 _apol
942 _cKS
008 s pl f |000 0 pol
999 _c9816
_d9816
856 _uhttp://koha.tu.koszalin.pl/cgi-bin/koha/opac-detail.pl?biblionumber=9816
_yKatalog online BPK